Tettsteder i Norden - Statistics

General Stats
  • This quiz has been taken 14 times
  • The average score is 33 of 58
Answers on the Map
Answers color-coded by a green-red scale on the quiz's map according to % correct below.
 
Answer Stats
Answer % Correct
Bergen
100%
Göteborg
100%
Helsingfors
100%
Oslo
100%
Stavanger
100%
Stockholm
100%
Trondheim
100%
Aarhus
92%
Drammen
92%
Fredrikstad
92%
København
92%
Kristiansand
92%
Malmö
92%
Aalborg
83%
Reykjavík
83%
Skien
83%
Tønsberg
83%
Esbjerg
67%
Jönköping
67%
Linköping
67%
Odense
67%
Örebro
67%
Ålesund
58%
Karlstad
58%
Rovaniemi
58%
Tammerfors
58%
Uppsala
58%
Åbo
50%
Helsingborg
50%
Lahtis
50%
Uleåborg
50%
Umeå
50%
Vasa
50%
Vejle
50%
Björneborg
42%
Kolding
42%
Kuopio
42%
Lund
42%
Norrköping
42%
Östersund
42%
Randers
42%
Västerås
42%
Växjö
42%
Gävle
33%
Joensuu
33%
Roskilde
33%
Sundsvall
33%
Borås
25%
Eskilstuna
25%
Halmstad
25%
Jyväskylä
25%
Seinäjoki
25%
Södertälje
25%
Trollhättan
25%
Villmanstrand
25%
Horsens
17%
Tavastehus
17%
Herning
8%
No matching quizzes found
Score Distribution
Percent of People with Each Score
Percentile by Number Answered
Your Score History
You have not taken this quiz